[Event "National Open"]
[Site "Las Vegas USA"]
[Date "2002.03.10"]
[Round "5"]
[White "Browne,W"]
[Black "Georgiev,Vl"]
[Result "1-0"]
[WhiteElo "2450"]
[BlackElo "2560"]

1.d4 d6 2.e4 Nf6 3.Nc3 e5 4.dxe5 dxe5 5.Qxd8+ Kxd8 6.Bc4 Be6 7.Bxe6 fxe6
8.Be3 Bb4 9.O-O-O+ Nbd7 10.Nge2 Ke7 11.f3 a6 12.Rd3 c5 13.a3 Ba5 14.Rhd1 Rhc8
15.g4 c4 16.R3d2 Rc7 17.h3 h6 18.f4 exf4 19.Bxf4 e5 20.g5 hxg5 21.Bxg5 Kf7
22.Rd6 Nc5 23.Bxf6 gxf6 24.Rf1 Rh8 25.Rfxf6+ Ke8 26.Rd5 Bxc3 27.Nxc3 Nd7
28.Re6+ Kf7 29.Rdd6 Rxh3 30.Nd5 Rh1+ 31.Kd2 c3+ 32.bxc3 Nc5 33.Rf6+ Kg7 34.Rg6+ Kh7
35.Nxc7 Nxe4+ 36.Ke3 Re1+ 37.Kf3 Nxd6 38.Rxd6 Ra1 39.Rb6 Rxa3 40.Nd5 Ra2
41.Rxb7+ Kg6 42.Ke4  1-0

[Event "sf ch-NED"]
[Site "Leeuwarden NED"]
[Date "2002.03.10"]
[Round "3.2"]
[White "Janssen,R"]
[Black "Bosch,Je"]
[Result "1/2-1/2"]
[WhiteElo "2475"]
[BlackElo "2454"]

1.d4 d6 2.e4 Nf6 3.Nc3 Nbd7 4.f4 e5 5.Nf3 c6 6.dxe5 dxe5 7.fxe5 Ng4 8.e6 fxe6
9.h3 Nge5 10.Be3 Be7 11.Qe2 Bf6 12.O-O-O Qe7 13.h4 b6 14.Kb1 Bb7 15.Nd4 b5
16.g4 Nc4 17.Bc1 O-O-O 18.g5 Be5 19.Qg4 Nc5 20.Bxc4 Bxd4 21.Ne2 Be5 22.Bb3 Kb8
23.Nf4 Bxf4 24.Bxf4+ e5 25.Bh2 Bc8 26.Qg3 Rxd1+ 27.Rxd1 Re8 28.Qc3 Kb7 29.Bg1 Nxb3
30.axb3 Bg4 31.Bc5 Qc7 32.Rd2 Bh5 33.Bd6 Qb6 34.Bc5 Qc7 35.Bd6 Qb6 36.Bxe5 b4
37.Qg3 Qb5 38.Rd7+ Ka8 39.Qg1 c5 40.Rd5 Bg6 41.Rxc5 Qa6 42.Qf2 Bxe4 43.Rc4 Rd8
44.Bf4 Bc6 45.Rxb4 Rd1+ 46.Bc1 Qf1 47.Qe3 Qe1 48.Qxe1 Rxe1 49.Rc4 Kb7 50.b4 Bd5
51.Rd4 Kc6 52.b3 a6 53.Kb2 Re4 54.Kc3 Rxd4 55.Kxd4 Bf3 56.Kd3 g6 57.Be3 Bd1
58.Kd2 Bg4 59.Kc1 Bf3 60.Kb2 Be2 61.Ka3 Bd1 62.c3 Bc2 63.Ka4 Kb7 64.Bd4 Bd1
65.c4 Bc2 66.b5 axb5+ 67.cxb5 Bd1 68.Kb4 Bc2 69.Kc4 Bd1 70.b4 Be2+ 71.Kc5 Bd3
72.b6 Be2 73.Kd6 Bd1 74.Ke7 Be2 75.Kf8 Bd1 76.Kg7 Bh5 77.Kxh7 Kc8 78.Kg7 Kb7
79.Kf6 Kc8 80.Bc5  1/2-1/2

[Event "ch-RUS Girls U20"]
[Site "Vladimir RUS"]
[Date "2002.03.11"]
[Round "10"]
[White "Hasanova,E"]
[Black "Fominykh,M"]
[Result "1-0"]
[WhiteElo "2263"]
[BlackElo "2163"]

1.e4 d6 2.d4 Nf6 3.Nc3 Nbd7 4.Bc4 e5 5.Nf3 Be7 6.O-O O-O 7.Re1 c6 8.a4 Qc7
9.h3 b6 10.Be3 a6 11.Ba2 Rb8 12.Nd2 b5 13.axb5 axb5 14.Ne2 d5 15.exd5 cxd5
16.Nc3 b4 17.Nxd5 Nxd5 18.Bxd5 Qd6 19.Bb3 exd4 20.Nc4 Qg6 21.Bf4 Bb7 22.Qg4 Rbe8
23.Qxg6 hxg6 24.Nd6 Bxd6 25.Bxd6 Nf6 26.Bxf8 Rxf8 27.Ra7 Be4 28.Rd1 Rc8 29.Rxd4 Bxc2
30.Bxf7+ Kf8 31.Rh4 Nh5 32.g4 Be4 33.f3 Rc1+ 34.Kf2 Rc2+ 35.Ke3  1-0

[Event "ch-RUS Girls U20"]
[Site "Vladimir RUS"]
[Date "2002.03.12"]
[Round "11"]
[White "Kineva,E"]
[Black "Tabrina,A"]
[Result "1-0"]
[WhiteElo "2175"]
[BlackElo "2142"]

1.e4 c6 2.d4 d6 3.Nc3 Nf6 4.f4 Qa5 5.Bd3 e5 6.Nf3 exd4 7.Nxd4 Be7 8.h3 Qb4
9.Nf3 d5 10.e5 Ne4 11.O-O Nxc3 12.bxc3 Qxc3 13.Rb1 Qc5+ 14.Kh1 b6 15.Bb2 Ba6
16.e6 f6 17.Nh4 Bxd3 18.cxd3 Kd8 19.Qh5 d4 20.Qf7 Rf8 21.Qxg7 Qh5 22.Qg3 c5
23.Nf3 Nc6 24.Nd2 Qd5 25.Rfe1 Kc7 26.Qf3 Qxf3 27.Nxf3 Nb4 28.Ba3 Nc2 29.Rec1 Nxa3
30.Rb3 c4 31.dxc4 Bc5 32.Rd3 Rfe8 33.f5 Rac8 34.Nd2 Kb8 35.Ne4 Be7 36.Rxd4 Red8
37.Rxd8 Rxd8 38.c5 bxc5 39.Nxc5 Bxc5 40.Rxc5 Kb7  1-0

[Event "72nd ch-ARG"]
[Site "Pinamar ARG"]
[Date "2002.03.16"]
[Round "8"]
[White "Zarnicki,P"]
[Black "Campora,D"]
[Result "1-0"]
[WhiteElo "2493"]
[BlackElo "2542"]

1.e4 d6 2.d4 Nf6 3.Nc3 e5 4.Nf3 Nbd7 5.Bc4 Be7 6.O-O O-O 7.Re1 c6 8.a4 b6
9.Ba2 a6 10.Bg5 h6 11.Be3 Ng4 12.Bd2 Bh4 13.g3 Be7 14.h3 Ngf6 15.Kg2 Re8
16.Qe2 Bb7 17.dxe5 Nxe5 18.Nxe5 dxe5 19.Rad1 Qc7 20.Qf3 b5 21.g4 b4 22.Ne2 c5
23.Ng3 c4 24.h4 Nh7 25.Nf5 Bf8 26.Ne3 Nf6 27.Nxc4 Rad8 28.c3 bxc3 29.bxc3 Qd7
30.g5 Nxe4 31.Rxe4 hxg5 32.hxg5 Qxa4 33.g6 Re7 34.Rh1 Bxe4 35.Qxe4 fxg6 36.Na3+  1-0

[Event "Supercom Cup"]
[Site "Bucharest ROM"]
[Date "2002.03.17"]
[Round "1"]
[White "Golubev,M"]
[Black "Badea,B"]
[Result "1/2-1/2"]
[WhiteElo "2531"]
[BlackElo "2477"]

1.e4 d6 2.d4 Nf6 3.Nc3 e5 4.Nf3 Nbd7 5.Bc4 Be7 6.O-O O-O 7.Re1 c6 8.a4 Re8
9.Ng5 Rf8 10.Nf3 Re8  1/2-1/2

[Event "Supercom Cup"]
[Site "Bucharest ROM"]
[Date "2002.03.19"]
[Round "3"]
[White "Vasiesiu,D"]
[Black "Badea,B"]
[Result "0-1"]
[WhiteElo "2435"]
[BlackElo "2477"]

1.e4 d6 2.d4 Nf6 3.Nc3 e5 4.Nf3 Nbd7 5.Bc4 Be7 6.O-O O-O 7.a4 c6 8.Re1 b6
9.h3 a6 10.Ba2 Rb8 11.Nh4 exd4 12.Qxd4 Nc5 13.Nf5 Bxf5 14.exf5 d5 15.Bg5 Ncd7
16.Rad1 Re8 17.Bf4 Ra8 18.g4 h6 19.Qd3 b5 20.Qf3 Bb4 21.Rxe8+ Qxe8 22.Bd2 Bd6
23.Re1 Qf8 24.Qg2 Re8 25.axb5 Rxe1+ 26.Bxe1 axb5 27.h4 b4 28.Ne2 Qa8  0-1

[Event "13th Goodricke"]
[Site "Calcutta IND"]
[Date "2002.03.19"]
[Round "3"]
[White "Ghader Pour,S"]
[Black "Yogesh,G"]
[Result "0-1"]
[WhiteElo "2055"]
[BlackElo "2333"]

1.e4 d6 2.d4 Nf6 3.Nc3 c6 4.g3 g6 5.Bg2 Bg7 6.Nge2 O-O 7.O-O Qc7 8.h3 Nbd7
9.a4 Rb8 10.Be3 a5 11.Qd3 e5 12.f4 exd4 13.Bxd4 Nc5 14.Bxc5 dxc5 15.Qe3 b6
16.e5 Ne8 17.Rad1 f6 18.e6 f5 19.e7 Rf6 20.Bd5+ cxd5 21.Nxd5 Qc6 22.Nxf6+ Bxf6
23.Rd8 Bb7 24.Kf2 Rxd8 25.exd8=Q Bxd8 26.Rd1 Bf6 27.Ke1 Kf8 28.b3 Nd6 29.Qe6 Ne4
30.Qd7 Qxd7 31.Rxd7 Bc6 32.Rc7 Bd5 33.Rc8+ Ke7 34.Rb8 Kd7 35.Rxb6 Bd8 36.Rb8 Bc6
37.g4 Kc7 38.Rxd8 Kxd8 39.gxf5 gxf5 40.Ng1 Nf6 41.Kf2 Ke7 42.Ne2 Be4 43.c3 Bc2
44.Nc1 Ne4+ 45.Ke3 Kd6 46.c4 Ke6 47.h4 Kf6  0-1

[Event "8th Schloss Open"]
[Site "Werther GER"]
[Date "2002.03.23"]
[Round "3"]
[White "Souleidis,G"]
[Black "Kasparov,S"]
[Result "1/2-1/2"]
[WhiteElo "2404"]
[BlackElo "2458"]

1.e4 d6 2.d4 Nf6 3.Nc3 e5 4.Nf3 Nbd7 5.Bc4 Be7 6.O-O O-O 7.Re1 c6 8.a4 b6
9.b3 Bb7 10.Bb2 a6 11.Bd3 Re8 12.Ne2 Bf8 13.Ng3 g6 14.Qd2 Bg7 15.Rad1 Qc7
16.h3 Rad8 17.Qc1 Nf8 18.Qa1 N6d7 19.Nf1 f6 20.Ne3 Kh8 21.c4 Ne6 22.d5 cxd5
23.Nxd5 Bxd5 24.cxd5 Nec5 25.b4 Nxd3 26.Rxd3 Rc8 27.Rc1 Qb7 28.Rdc3 Bh6 29.R1c2 Rxc3
30.Rxc3 f5 31.Bc1 fxe4 32.Bxh6 exf3 33.Rc6 Qb8 34.gxf3 Nf6 35.Qd1 b5 36.a5 g5
37.Kh1 Rg8 38.Qd2 Ne8 39.Bxg5 Qb7 40.Bh4 Qf7 41.Qd3 Qh5 42.Qe4 Rf8 43.Qg4 Qf7
44.Rxa6 Qxd5 45.Qe4 Qe6 46.Qg4 Qd5 47.Qe4 Qe6  1/2-1/2

[Event "Suetin Mem"]
[Site "Tula RUS"]
[Date "2002.03.24"]
[Round "2"]
[White "Turov,M"]
[Black "Asylguzhin,R"]
[Result "1-0"]
[WhiteElo "2563"]
[BlackElo "2383"]

1.e4 d6 2.d4 Nf6 3.Nc3 Nbd7 4.f3 e5 5.Be3 c6 6.Qd2 Be7 7.Nge2 O-O 8.g4 Re8
9.Ng3 exd4 10.Bxd4 Ne5 11.Be2 b5 12.g5 Nfd7 13.f4 Nc4 14.Bxc4 bxc4 15.O-O-O Nb6
16.Rhg1 Bg4 17.Rde1 d5 18.h3 Bc8 19.exd5 Nxd5 20.Nxd5 cxd5 21.Nh5 Bf8 22.Qc3 Rxe1+
23.Rxe1 Qd6 24.Bxg7 Qb4 25.Qxb4  1-0

[Event "13th Goodricke"]
[Site "Calcutta IND"]
[Date "2002.03.26"]
[Round "10"]
[White "Sengupta,D"]
[Black "Koneru,H"]
[Result "0-1"]
[WhiteElo "2292"]
[BlackElo "2539"]

1.e4 d6 2.d4 Nf6 3.Nc3 c6 4.Be2 Qa5 5.f3 e5 6.Be3 Be7 7.Qd2 b5 8.a3 a6 9.g4 Nbd7
10.h4 Qc7 11.Nh3 Nb6 12.Nf2 Bb7 13.a4 b4 14.Ncd1 exd4 15.Bxd4 c5 16.Be3 Rd8
17.a5 Nc8 18.c4 bxc3 19.Nxc3 d5 20.Bf4 Qc6 21.exd5 Nxd5 22.Nxd5 Rxd5 23.Qc2 Nd6
24.Ne4 Nxe4 25.Qxe4 Qd7 26.Qc2 O-O 27.h5 Bd6 28.Bxd6 Qxd6 29.h6 gxh6 30.Qc1 Re8
31.Rxh6 Qg3+ 32.Kf1 Rxe2 33.Kxe2 Re5+ 34.Kd3 Qxf3+ 35.Kc4 Qd5+ 36.Kc3 Qd4+
37.Kb3 Bd5+  0-1

[Event "Europe Chess GM"]
[Site "Eger HUN"]
[Date "2002.03.26"]
[Round "7"]
[White "Vajda,L"]
[Black "Koneru,H"]
[Result "1-0"]
[WhiteElo "2513"]
[BlackElo "2539"]

1.e4 d6 2.d4 Nf6 3.Nc3 c6 4.h3 b5 5.a3 a6 6.g4 Bb7 7.Bg2 e6 8.Nge2 Be7 9.O-O Qc7
10.Ng3 Nfd7 11.Nce2 Nb6 12.b3 N8d7 13.f4 c5 14.d5 O-O 15.g5 exd5 16.Nf5 Rfe8
17.exd5 Bf8 18.Bb2 c4 19.Rf2 Bc8 20.Qd4 f6 21.Neg3 Qc5 22.Ne4 Qxd4 23.Bxd4 cxb3
24.cxb3 Nc5 25.Nfxd6 Nxe4 26.Nxe4 f5 27.Ng3 Nd7 28.d6 Rb8 29.Nxf5 Nb6 30.Ne7+ Bxe7
31.Re1  1-0

[Event "Open"]
[Site "Mar del Plata ARG"]
[Date "2002.03.27"]
[Round "6"]
[White "Musanti,D"]
[Black "Covas,G"]
[Result "1-0"]
[WhiteElo "2281"]
[BlackElo "2201"]

1.e4 d6 2.d4 Nf6 3.Nc3 Nbd7 4.f4 c6 5.e5 Nd5 6.Nxd5 cxd5 7.Bd3 g6 8.Nf3 Bg7
9.h4 O-O 10.h5 dxe5 11.fxe5 Qb6 12.c3 f6 13.hxg6 fxe5 14.gxh7+ Kh8 15.Nh4 e4
16.Qh5 Ne5 17.dxe5 Qf2+ 18.Kd1 Bf5 19.Qxf5 Qxf5 20.Nxf5 Rxf5 21.Be2 Bxe5
22.Be3 Rd8 23.g4 Rf7 24.Rh5 d4 25.cxd4 Bxd4 26.Bxd4+ e5 27.Rxe5 Rxd4+ 28.Ke1 Rxh7
29.Re8+ Kg7 30.Re7+ Kg6 31.Rxh7 Kxh7 32.Rd1 Rb4 33.b3 a5 34.Bc4 Kg6 35.Rd6+ Kg5
36.a3  1-0

[Event "40th Doeberl Cup"]
[Site "Canberra AUS"]
[Date "2002.03.30"]
[Round "4"]
[White "Rogers,I"]
[Black "Johansen,D"]
[Result "1-0"]
[WhiteElo "2555"]
[BlackElo "2526"]

1.d4 d6 2.e4 Nf6 3.Nc3 c6 4.Nf3 Bg4 5.h3 Bh5 6.Be2 e6 7.O-O Be7 8.Be3 O-O
9.Nd2 Bxe2 10.Qxe2 d5 11.e5 Nfd7 12.Qg4 Kh8 13.Ne2 c5 14.c3 Nc6 15.Nf3 Rg8
16.h4 cxd4 17.cxd4 Nf8 18.Nf4 f6 19.h5 Qe8 20.g3 Qf7 21.Qh3 fxe5 22.dxe5 Re8
23.b4 a6 24.Bc5 g5 25.hxg6 Nxg6 26.Qxe6 Qxe6 27.Nxe6 Bxc5 28.Nxc5 Ngxe5 29.Nxe5 Rxe5
30.a3 a5 31.b5 Nd4 32.b6 Rg7 33.Kg2 Ne6 34.Nd3 Re4 35.Rac1 Re7 36.Rc8+ Kg7
37.Rfc1 Kf6 38.R1c3 Re2 39.Ra8 d4 40.Rb3 Rd2 41.Rxa5 Rd7 42.Ne5 Rg7 43.Rf3+ Ke7
44.Rd5 Ke8 45.Nc4  1-0

[Event "6th Neckar Open"]
[Site "Deizisau GER"]
[Date "2002.03.30"]
[Round "4"]
[White "Schmittdiel,E"]
[Black "Hesse,P"]
[Result "1/2-1/2"]
[WhiteElo "2486"]
[BlackElo "2314"]

1.e4 d6 2.d4 Nf6 3.Nc3 e5 4.Nf3 Nbd7 5.g3 Be7 6.Bg2 O-O 7.O-O c6 8.a4 b6
9.Re1 a6 10.b3 Re8 11.Bb2 Qc7 12.Qd2 Bf8 13.h3 Rb8 14.Nh4 g6 15.Kh2 b5 16.axb5 axb5
17.Nd1 Bg7 18.Bc3 exd4 19.Bxd4 c5 20.Bb2 Bb7 21.f3 d5 22.exd5 Bxd5 23.Nc3 Bc6
24.Rxe8+ Rxe8 25.Re1  1/2-1/2

[Event "Norwegian Open"]
[Site "Oslo NOR"]
[Date "2002.03.30"]
[Round "9"]
[White "Wisnewski,C"]
[Black "Adnoy,H"]
[Result "1/2-1/2"]
[WhiteElo "2416"]
[BlackElo "2178"]

1.e4 d6 2.d4 Nf6 3.Nc3 e5 4.f4 exd4 5.Qxd4 Be7 6.Nf3 O-O 7.Bd3 Nc6 8.Qf2 d5
9.e5 Ng4 10.Qe2 Nh6 11.a3 Bg4 12.Qf2 Nf5 13.O-O b6 14.Bxf5 Bxf5 15.Be3 f6
16.Rad1 fxe5 17.Nxd5 exf4 18.Bxf4 Bc5 19.Be3 Bd6 20.Qe2 Kh8 21.Qc4 Qd7 22.Bf4 Na5
23.Qc3 Bxf4 24.Nxf4 Qc6 25.Qb4 Qc4 26.Ne5 Qxc2 27.Rc1 c5 28.Rxc2 cxb4 29.Rc7 bxa3
30.bxa3 Rae8 31.Nf7+ Kg8 32.Nd6 Rd8 33.Nxf5 Rxf5 34.Ne6 Rxf1+ 35.Kxf1 Re8
36.Ng5 h6 37.Nf3 a6 38.Ra7 Re3 39.Rxa6 Rxa3 40.Rxb6 Nc4 41.Rb8+ Kf7 42.h4 Ra2
43.Rb3 Kf6 44.Kg1 Nd2  1/2-1/2

[Event "Economic Faculty"]
[Site "Subotica YUG"]
[Date "2002.03.30"]
[Round "5"]
[White "Sedlak,N"]
[Black "Scekic,M"]
[Result "0-1"]
[WhiteElo "2442"]
[BlackElo "2444"]

1.e4 c6 2.d4 d6 3.Nc3 Nf6 4.f4 Qa5 5.Bd3 d5 6.e5 Ne4 7.Ne2 f5 8.exf6 exf6
9.Bd2 Nxd2 10.Qxd2 Na6 11.Ng3 Nb4 12.Be2 Bd6 13.O-O O-O 14.a3 Na6 15.b4 Qc7
16.Bd3 Nb8 17.Nf5 Bxf5 18.Bxf5 g6 19.Bd3 Nd7 20.Na4 f5 21.Nc5 Bxc5 22.dxc5 Nf6
23.Qf2 Ne4 24.Qd4 Qg7 25.Qxg7+ Kxg7 26.Rfe1 Rfe8 27.g3 Kf6 28.Kg2 Rad8 29.Re2 Re7
30.Kf3 Rde8 31.Rae1 Nd2+ 32.Kf2 Ne4+ 33.Kf3 b6 34.cxb6 axb6 35.a4 Ra8 36.Ra1 Rea7
37.c4 Rxa4 38.Rxa4 Rxa4 39.cxd5 cxd5 40.Rb2 Ke6 41.Ke3 Kd6 42.Bc2 Ra1 43.Bd3 Ra3
44.Ke2 d4 45.Rc2 Nc3+ 46.Kf2 Kd5  0-1

[Event "New White Plus GM open"]
[Site "Dhaka BAN"]
[Date "2002.04.03"]
[Round "5"]
[White "Ahmed,SN"]
[Black "Haque,R"]
[Result "1-0"]
[WhiteElo "2226"]
[BlackElo "2218"]

1.e4 d6 2.d4 Nf6 3.Nc3 c6 4.Nf3 Bg4 5.Be2 e6 6.O-O Be7 7.a4 a5 8.Be3 d5 9.e5 Nfd7
10.h3 Bh5 11.Nh2 Bxe2 12.Qxe2 c5 13.Nb5 cxd4 14.Bxd4 Nc6 15.c3 O-O 16.f4 Bc5
17.Kh1 Qb6 18.Rad1 Rae8 19.Qh5 f6 20.Ng4 f5 21.Nh2 g6 22.Qh4 Qd8 23.Qf2 Be7
24.Nf3 b6 25.Be3 Nc5 26.Qc2 Ne4 27.Kh2 Qb8 28.Nd2 g5 29.g3 Kh8 30.Nxe4 fxe4
31.Qe2 gxf4 32.gxf4 Rg8 33.Rg1 Ref8 34.Rg4 Bc5 35.Rdg1 Qe8 36.Bxc5 bxc5 37.Nd6 Qe7
38.Qb5 Rxg4 39.Rxg4 Nd8 40.Qxc5 Rg8 41.Nxe4 Qf7 42.Nf6  1-0

[Event "FSGMA April"]
[Site "Budapest HUN"]
[Date "2002.04.04"]
[Round "3"]
[White "Vajda,L"]
[Black "Markus,R"]
[Result "1-0"]
[WhiteElo "2539"]
[BlackElo "2477"]

1.e4 d6 2.d4 Nf6 3.Nc3 e5 4.Nf3 Nbd7 5.Bc4 Be7 6.O-O O-O 7.a4 c6 8.Ba2 b6
9.Qe2 Bb7 10.Rd1 Qc7 11.dxe5 dxe5 12.Nh4 Bc5 13.Nf5 g6 14.Nh6+ Kg7 15.Qf3 Ba6
16.Qh3 Bd4 17.Nxf7 Rxf7 18.Bh6+ Kg8 19.Qe6 Nd5 20.exd5 Nc5 21.Qxc6  1-0

[Event "ch-CUB"]
[Site "Holguin City CUB"]
[Date "2002.04.04"]
[Round "5"]
[White "Abreu,A"]
[Black "Alvarez,Jose"]
[Result "1/2-1/2"]
[WhiteElo "2480"]
[BlackElo "2403"]

1.e4 d6 2.d4 Nf6 3.Nc3 e5 4.dxe5 dxe5 5.Qxd8+ Kxd8 6.Nf3 Bd6 7.Bc4 Ke7 8.Bg5 Nd7
9.O-O-O Nb6 10.Bb3 h6 11.Bh4 Bg4  1/2-1/2

[Event "New White Plus GM open"]
[Site "Dhaka BAN"]
[Date "2002.04.05"]
[Round "7"]
[White "Rahman,SM"]
[Black "Haque,R"]
[Result "1/2-1/2"]
[WhiteElo "2267"]
[BlackElo "2218"]

1.e4 d6 2.d4 Nf6 3.Nc3 c6 4.f4 Qa5 5.Bd3 e5 6.Nf3 Bg4 7.dxe5 dxe5 8.h3 Bxf3
9.Qxf3 Nbd7 10.Bd2 Qb6 11.O-O-O Qc7 12.Bc4 b5 13.Bb3 a5 14.a4 b4 15.Ne2 Bd6
16.g4 Nc5 17.Ng3 exf4 18.Nf5 O-O 19.Nxd6 Qxd6 20.Bxf4 Nxb3+ 21.cxb3 Qe6 22.Rhe1 Rad8
23.Rxd8 Rxd8 24.Bc7 Ra8 25.Qd3 Ne8 26.Bf4 Qf6 27.Qe3 h6 28.e5 Qe6 29.Rd1 Nc7
30.Rd6 Qe8 31.Bg3 Ne6 32.Qb6 c5 33.Kb1 c4 34.bxc4 Qxa4 35.Qc6 Qxc6 36.Rxc6 a4
37.Be1 b3 38.Bb4 Ng5 39.Kc1 Nxh3 40.Kd2 Nf2 41.e6 fxe6 42.Rxe6 Nxg4 43.Re7 Nf6
44.Bc3 h5 45.Ke3 h4 46.Rb7 a3 47.bxa3 Rxa3 48.Bxf6 gxf6 49.Kf4 Ra4 50.Rxb3 Rxc4+
51.Kf5 Kg7 52.Rb7+ Kh6 53.Kxf6 h3 54.Rb8 Kh5 55.Kf5 Kh4 56.Rb2 Rg4 57.Rb8 Rg1
58.Kf4 Rf1+ 59.Ke3 Rf5 60.Rh8+ Kg3 61.Rg8+ Kh2 62.Ke2 Ra5 63.Kf2 Ra2+ 64.Kf1 Rg2
65.Rh8 Rg7 66.Rf8 Ra7 67.Kf2 Ra2+ 68.Kf1 Ra1+ 69.Kf2 Ra2+ 70.Kf1 Ra4 71.Kf2 Rg4
72.Rf7 Rg3 73.Rf8 Rg7 74.Rf6 Kh1 75.Rf8 h2 76.Kf1  1/2-1/2

[Event "Economic Faculty"]
[Site "Subotica YUG"]
[Date "2002.04.05"]
[Round "11"]
[White "Sedlak,N"]
[Black "Jotic,V"]
[Result "1-0"]
[WhiteElo "2442"]
[BlackElo "2277"]

1.e4 d6 2.d4 c6 3.Nc3 Nf6 4.f4 Qa5 5.Bd3 e5 6.Nf3 Bg4 7.dxe5 dxe5 8.h3 Bxf3
9.Qxf3 Nbd7 10.f5 O-O-O 11.O-O Bb4 12.Bd2 Qb6+ 13.Kh1 Nc5 14.a3 Nxd3 15.axb4 Nxb2
16.Be3 Qxb4 17.Bxa7 Rd2 18.Qg3 Re8 19.Qxg7 Qxc3 20.Qxf7 Qc4 21.Qxf6 Qxe4
22.Bf2 Na4 23.Qf7 Red8 24.f6 R2d7 25.Qb3 b5 26.Rae1 Qd5 27.c4 Qxc4 28.Qxc4 bxc4
29.Ra1 Nc3 30.Bb6 Rf8 31.Ra8+ Kb7 32.Rxf8 Kxb6 33.f7  1-0

[Event "XI ch-MKD"]
[Site "Gevgelija MKD"]
[Date "2002.04.06"]
[Round "6"]
[White "Ilic,Ljubo"]
[Black "Stojanovski,D"]
[Result "0-1"]
[WhiteElo "2289"]
[BlackElo "2416"]

1.e4 d6 2.d4 Nf6 3.Nc3 e5 4.Nf3 Nbd7 5.Bc4 Be7 6.O-O O-O 7.a4 a5 8.Qe2 c6
9.Rd1 Qc7 10.h3 exd4 11.Rxd4 Qb6 12.Rd1 Nc5 13.Be3 Nfd7 14.b3 Qc7 15.Rd2 Bf6
16.Nd4 Ne5 17.Rad1 Re8 18.f3 Bd7 19.Qf1 d5 20.Bxd5 cxd5 21.Nxd5 Qd6 22.Nb5 Bxb5
23.Qxb5 Na6 24.Nb6 Nxf3+ 25.gxf3 Qg3+ 26.Rg2 Qxf3 27.Re1 Rad8 28.Nd5 Bh4
29.Ree2 Rxe4 30.Qxb7 Nb4 31.c4 Nxd5  0-1

[Event "TCh-CZE 2001-2"]
[Site "CZE"]
[Date "2002.04.07"]
[Round "11"]
[White "Jackova,J"]
[Black "Mikhaletz,L"]
[Result "1/2-1/2"]
[WhiteElo "2376"]
[BlackElo "2392"]

1.e4 d6 2.d4 Nf6 3.Nc3 c6 4.Nf3 g6 5.Bf4 b5 6.Bd3 b4 7.Ne2 Bg4 8.Neg1 Bg7
9.h3 Bd7 10.Ne2 a5 11.Qd2 Na6 12.Ng3 c5 13.e5 Nd5 14.Bh6 Bxh6 15.Qxh6 cxd4
16.Bc4 Nac7 17.exd6 exd6 18.O-O Be6 19.Nxd4 Qf6 20.Nb5 Nxb5 21.Bxb5+ Ke7
22.Bc6 Rac8 23.Bxd5 Bxd5 24.Rad1  1/2-1/2

[Event "New White Plus GM open"]
[Site "Dhaka BAN"]
[Date "2002.04.07"]
[Round "9"]
[White "Wong Zi Jing"]
[Black "Haque,R"]
[Result "1-0"]
[WhiteElo "2256"]
[BlackElo "2218"]

1.e4 d6 2.d4 Nf6 3.Nc3 c6 4.f4 Qa5 5.Bd3 e5 6.Nf3 Bg4 7.Be3 d5 8.fxe5 Nxe4
9.O-O Nxc3 10.bxc3 Be7 11.Qe1 Nd7 12.Bd2 Qc7 13.Qg3 Be6 14.Qxg7 O-O-O 15.Ng5 Bxg5
16.Bxg5 Rdg8 17.Qh6 Qa5 18.Bd2 Qd8 19.Rf4  1-0

[Event "FSGMA April"]
[Site "Budapest HUN"]
[Date "2002.04.08"]
[Round "7"]
[White "Bokros,A"]
[Black "Antal,Ge"]
[Result "1/2-1/2"]
[WhiteElo "2435"]
[BlackElo "2457"]

1.e4 d6 2.d4 Nf6 3.Nc3 e5 4.dxe5 dxe5 5.Qxd8+ Kxd8 6.Bc4 Be6 7.Bxe6 fxe6
8.f3 Bd6 9.Be3 c6 10.O-O-O Nbd7 11.Nh3 Ke7 12.Nf2  1/2-1/2

[Event "FSGMA April"]
[Site "Budapest HUN"]
[Date "2002.04.08"]
[Round "7"]
[White "Nakamura,H"]
[Black "Kallio,H"]
[Result "0-1"]
[WhiteElo "2466"]
[BlackElo "2502"]

1.e4 d6 2.d4 Nf6 3.Nc3 e5 4.Nf3 Nbd7 5.Bc4 Be7 6.O-O O-O 7.a4 c6 8.a5 Qc7
9.Qe2 h6 10.dxe5 dxe5 11.Nh4 Bb4 12.Qf3 b5 13.axb6 Nxb6 14.Bd3 Kh7 15.Nf5 Ng8
16.Na4 Be6 17.b3 Rfe8 18.Bb2 Bf8 19.Ne3 g6 20.Qg3 Nd7 21.Nc4 Bg7 22.Ba3 Ngf6
23.Qe3 Bf8 24.Bb2 h5 25.Rfd1 Bh6 26.Qe1 Rac8 27.Bf1 Bf8 28.f3 Bxc4 29.Bxc4 Nb6
30.Bd3 Nxa4 31.Rxa4 Bc5+ 32.Kh1 Rcd8 33.Bc1 Kg7 34.Qh4 Rd6 35.Rf1 Qd7 36.Rc4 Bb6
37.Be2 Bd8 38.Qg3 Rd4 39.Bb2 h4 40.Qf2 Rxc4 41.Bxc4 Nh5 42.Ba3 Ng3+ 43.hxg3 Bb6
44.gxh4 Bxf2 45.Rxf2 Rh8 46.Bc5 Rxh4+ 47.Kg1 Rh8 48.Bd3 Qd8 49.Rf1 a5 50.Ra1 Qg5
51.Rxa5 Qc1+ 52.Bf1 Rd8 53.Ba3 Qe3+ 54.Kh2 Rh8+ 55.Kg3 Qe1+  0-1

[Event "New White Plus GM open"]
[Site "Dhaka BAN"]
[Date "2002.04.08"]
[Round "10"]
[White "Uddin,S"]
[Black "Haque,R"]
[Result "1-0"]
[WhiteElo "2159"]
[BlackElo "2218"]

1.e4 d6 2.d4 Nf6 3.Nc3 c6 4.f4 Qa5 5.Bd3 e5 6.Nf3 Bg4 7.dxe5 dxe5 8.f5 Nbd7
9.h3 Bxf3 10.Qxf3 h5 11.Bd2 Qc7 12.O-O-O b5 13.g4 Nc5 14.g5 Nfd7 15.Kb1 a5
16.Ne2 b4 17.g6 fxg6 18.fxg6 Nf6 19.Bg5 Nxd3 20.Rxd3 Be7 21.Ng3 Rd8 22.Rhd1 Rxd3
23.Rxd3 O-O 24.Bxf6 Rxf6 25.Qxh5 Bd6 26.Qh7+ Kf8 27.Qh8+ Ke7 28.Qxg7+ Ke6
29.Qg8+  1-0

[Event "Golden Cleopatra"]
[Site "Cairo EGY"]
[Date "2002.04.10"]
[Round "4"]
[White "Tork,M"]
[Black "Rahman,Ye"]
[Result "1/2-1/2"]
[WhiteElo "2153"]
[BlackElo "2325"]

1.e4 d6 2.d4 Nf6 3.Nc3 c6 4.Be2 Qa5 5.Bd3 g6 6.Bd2 Qb6 7.Nge2 Bg7 8.Qc1 Nbd7
9.f3 h5 10.Be3 Qc7 11.Nd1 e5 12.c3 d5 13.h3 O-O 14.O-O c5 15.dxe5 Nxe5 16.Bb1 dxe4
17.fxe4 b6 18.c4 Bb7 19.Ndc3 Rfe8 20.Nf4 Qe7 21.Nfd5 Bxd5 22.cxd5 Nc4 23.Bf4 Nh7
24.Bd3 Bd4+ 25.Kh1 Nd6 26.Qc2 a6 27.e5 Bxe5 28.Rae1 f6 29.Bxg6 Rf8 30.Bh6 Rfd8
31.Bxh5 Kh8 32.Bg6 Nf8 33.Bf4 Qg7 34.Bxe5 fxe5 35.Bh5 Qg5 36.Qe2 Nd7 37.Bg4 Nf6
38.Qxe5 Qxe5 39.Rxe5 Nxg4 40.Rh5+ Kg7 41.Rg5+ Kh6 42.Rxg4 Rf8 43.Rgf4 Rxf4
44.Rxf4 Kg5 45.g3 Re8 46.h4+ Kg6 47.Kg2 b5 48.Kf3 Re5 49.Ne4 Nxe4 50.Rxe4 Rxd5
51.Re6+ Kf5 52.Re3 a5 53.g4+ Kf6 54.b3 Rd2 55.Rc3 c4 56.bxc4 b4 57.Rc1 Rxa2
58.c5 b3 59.Ke3 Rg2 60.c6 b2 61.Rb1  1/2-1/2

[Event "10th Hotel Opatija GM"]
[Site "Kastav CRO"]
[Date "2002.04.10"]
[Round "1"]
[White "Fercec,N"]
[Black "Tratar,M"]
[Result "0-1"]
[WhiteElo "2438"]
[BlackElo "2424"]

1.e4 d6 2.d4 Nf6 3.Nc3 e5 4.Nf3 Nbd7 5.Bc4 Be7 6.O-O O-O 7.Re1 c6 8.a4 b6
9.Bg5 Bb7 10.Bxf6 Bxf6 11.d5 c5 12.a5 a6 13.axb6 Nxb6 14.Bf1 g6 15.Nd2 Bg5
16.Nb3 f5 17.Na5 Bc8 18.Nc6 Qc7 19.Ra3 Kh8 20.exf5 gxf5 21.Qh5 Bd2 22.Rd1 Bxc3
23.Rxc3 Bb7 24.Rh3 Rf6 25.c4 Raf8 26.b4 cxb4 27.c5 dxc5 28.d6 Qf7 29.Qxf7 R6xf7
30.Nxe5 Rf6 31.d7 Rd8 32.Rc1 Rxd7 33.Nxd7 Nxd7 34.Rd3 Bc6 35.Rcd1 b3 36.Rc3 a5
37.Bc4 a4 38.f4 Rg6 39.g3 Kg7 40.Re3 Nb6 41.Re7+ Kf8 42.Rf7+ Ke8 43.Re1+ Be4
44.Rxf5 Nxc4 45.Rxe4+ Kd7 46.Rf7+ Kc6 47.f5 b2 48.Re1 Rd6 49.f6 Ne5 50.Rf8 Nf3+  0-1

[Event "6th Linklater Mem"]
[Site "San Francisco USA"]
[Date "2002.04.10"]
[Round "8"]
[White "Narayan,C"]
[Black "Lakdawala,C"]
[Result "1/2-1/2"]
[WhiteElo "2266"]
[BlackElo "2432"]

1.e4 d6 2.d4 Nf6 3.Nc3 Nbd7 4.Nf3 e5 5.Bc4 h6 6.O-O c6 7.a4 Be7 8.Re1 Qc7
9.h3 Nf8 10.Be3 Rg8 11.Nh2 g5 12.Be2 exd4 13.Bxd4 Ne6 14.Be3 Nf4 15.Bg4 Nxg4
16.Nxg4 h5 17.Nh6 Rg6 18.Nf5 Be6 19.Qd4 Bf8  1/2-1/2

[Event "III Open"]
[Site "Dos Hermanas ESP"]
[Date "2002.04.11"]
[Round "7"]
[White "Radulski,J"]
[Black "Galego,L"]
[Result "1-0"]
[WhiteElo "2499"]
[BlackElo "2521"]

1.e4 d6 2.d4 Nf6 3.Nc3 c6 4.Nf3 Bg4 5.Be2 e6 6.O-O Bxf3 7.Bxf3 d5 8.Qd3 Be7
9.Re1 O-O 10.a3 Nbd7 11.e5 Ne8 12.Ne2 Bg5 13.c3 Nc7 14.Nf4 f6 15.Bg4 f5 16.Bd1 a5
17.Kh1 a4 18.Rg1 Qe7 19.Bc2 Bxf4 20.Bxf4 Qh4 21.g3 Qh5 22.f3 Qf7 23.g4 Kh8
24.Rg3 g6 25.Rag1 Qe7 26.Bh6 Rf7 27.Rh3 Kg8 28.Qe3 b5 29.Bg5 Qe8 30.Qe1 Ra7
31.Qh4 Qf8 32.gxf5 exf5 33.Bxf5 Qg7 34.Bh6  1-0

[Event "1st It"]
[Site "Asuncion PAR"]
[Date "2002.04.12"]
[Round "5"]
[White "Cubas,Jo"]
[Black "Lipiniks,L"]
[Result "1-0"]
[WhiteElo "2369"]
[BlackElo "2180"]

1.e4 e5 2.d4 d6 3.Nc3 Nf6 4.dxe5 dxe5 5.Qxd8+ Kxd8 6.Nf3 Bd6 7.h3 Ke7 8.Bg5 c6
9.O-O-O Rd8 10.Bc4 Be6 11.Bxe6 fxe6 12.Rd3 Na6 13.Rhd1 Nc5 14.R3d2 h6 15.Bxf6+ gxf6
16.b4 Na6 17.a3 Nc7 18.Nh4 Ne8 19.Kb2 b5 20.f4 exf4 21.Ng6+ Kf7 22.Nxf4 Be7
23.e5 Rxd2 24.Rxd2 a5 25.Nd3 axb4 26.axb4 Nc7 27.Rf2 Nd5 28.Ne4 f5 29.g4 Kg6
30.gxf5+ exf5 31.Ng3 Ne3 32.Rf3 Nc4+ 33.Kc3 Bg5 34.Nxf5 Rf8 35.Nh4+ Kg7 36.Rxf8 Kxf8
37.Nf5 Kf7 38.Nd4 Ke7 39.Nxc6+ Ke6 40.Kd4 Be3+ 41.Ke4 Bb6 42.Nd4+ Bxd4 43.Kxd4 Nd2
44.Kc5 Ne4+ 45.Kxb5 Ng5 46.Kc6 Nxh3 47.b5 Ng5 48.b6 Nf7 49.Kc7  1-0